Obálka Náhled e-knihy:
PDF Epub
Pro půjčování e-knih musíte být přihlášeni.
Jak si půjčit online?

Utrpení mladého Werthera /

Romantický román v dopisech líčí lásku mladého muže, který miluje ženu svého přítele a protože nevidí ze situace žádné morálně únosné východisko, rozhodne se vlastní rukou zemřít.

Uloženo v:
Hlavní autor: Goethe, Johann Wolfgang von, 1749-1832 (Autor)
Další autoři: Reindl, Oskar, 1902-1984 (Autor)
Médium: E-kniha
Jazyk:Czech
Vydáno: Praha : Dobrovský s.r.o., 2021
Edice:1400
Témata:
Tagy:
Žádné tagy
LEADER 02447nam a2200445 i 4500
001 312676
003 CZ PrSKC
005 20260601215726.0
007 ta
008 211012s2021 xr g 000 f cze
015 |a cnb003072730 
020 |a 9788073909086  |q (vázáno) 
035 |a (OCoLC)1378695006 
040 |a ABG001  |b cze  |e rda 
041 1 |a cze  |h ger 
072 7 |a 821.112.2-3  |x Německá próza, německy psaná  |2 Konspekt 
080 |a 821.112.2-31  |2 MRF 
080 |a (0:82-312.7)  |2 MRF 
100 1 |a Goethe, Johann Wolfgang von,  |d 1749-1832  |7 jn19990002740  |4 aut 
240 1 0 |a Leiden des jungen Werthers.  |l Česky  |7 aun2008463057 
245 1 0 |a Utrpení mladého Werthera /  |c Johann Wolfgang Goethe ; překlad: Oskar Reindl 
264 1 |a Praha :  |b Dobrovský s.r.o.,  |c 2021 
300 |a 155 stran ;  |c 21 cm 
336 |a text  |b txt  |2 rdacontent 
337 |a bez média  |b n  |2 rdamedia 
338 |a svazek  |b nc  |2 rdacarrier 
490 1 |a 1400 
500 |a Přeloženo z němčiny 
520 2 |a Romantický román v dopisech líčí lásku mladého muže, který miluje ženu svého přítele a protože nevidí ze situace žádné morálně únosné východisko, rozhodne se vlastní rukou zemřít.  |b Dílo rozhodujícího významu pro historii německé i světové prózy je jedním z prototypů romantického románu v dopisech, založeného na prosté klasické zápletce. Autorovi šlo o víc, než o příběh nešťastné lásky. Jako hrdinu zvolil člověka své doby, představitele mladé buržoazie, který ve snaze dosáhnout svobody naráží na překážky v podobě feudálních konvencí. Je příliš osamělý a neschopný proti společnosti bojovat a proto raději volí smrt. 
655 7 |a německé romány  |7 fd132945  |2 czenas 
655 7 |a romány v dopisech  |7 fd1054764  |2 czenas 
655 9 |a German fiction  |2 eczenas 
655 9 |a epistolary novels  |2 eczenas 
700 1 |a Reindl, Oskar,  |d 1902-1984  |7 jk01102209  |4 trl 
830 0 |a 1400 
900 |a ABA001  |b 20 
044 |a xr 
910 |a RBIT002 
998 |d 417895  |a https://core.palmknihy.cz/api/books/417895/cover?std8fi  |b https://core.palmknihy.cz/api/books/417895/cover/400?std8fi  |c https://core.palmknihy.cz/api/books/417895/cover/50?std8fi  |e   |g 160  |i 9788073909086  |j https://core.palmknihy.cz/api/books/417895/preview.epub  |k https://core.palmknihy.cz/api/books/417895/preview.pdf  |l   |q 49  |r 1  |s https://www.palmknihy.cz/kniha/417895  |t ebook  |y 2021  |z 0 
999 |d 312674